El proceso presupuestario en el sector de salud pública : (Registro nro. 13114)

Detalles MARC
000 -LEADER
fixed length control field 00686nam a22001937a 4500
003 - CONTROL NUMBER IDENTIFIER
control field DO-SdBNP
005 - DATE AND TIME OF LATEST TRANSACTION
control field 20171127104916.0
008 - FIXED-LENGTH DATA ELEMENTS--GENERAL INFORMATION
fixed length control field 171127b 2004 sp a ||||| |||| 00| 0 spa d
020 ## - INTERNATIONAL STANDARD BOOK NUMBER
International Standard Book Number 9977200432
040 ## - CATALOGING SOURCE
Original cataloging agency BPMSU
Language of cataloging spa
Transcribing agency BPMSU
092 ## - LOCALLY ASSIGNED DEWEY CALL NUMBER (OCLC)
Classification number xxxx
Item number xxxx
245 00 - TITLE STATEMENT
Title El proceso presupuestario en el sector de salud pública :
Remainder of title compilación
260 ## - PUBLICATION, DISTRIBUTION, ETC. (IMPRINT)
Place of publication, distribution, etc. San José, Costa Rica :
Name of publisher, distributor, etc. Instituto Centroamericano de Administración Pública,
Date of publication, distribution, etc. 2004.
300 ## - PHYSICAL DESCRIPTION
Extent 508 p. :
Dimensions il. ;
Other physical details 21 cm.
710 10 - ADDED ENTRY--CORPORATE NAME
Subordinate unit Instituto Centroamericano de Administración Pública, ICAP
942 ## - ADDED ENTRY ELEMENTS (KOHA)
Source of classification or shelving scheme Dewey Decimal Classification
Koha item type Libros
945 ## - LOCAL PROCESSING INFORMATION (OCLC)
a Inventariado 2017/LP
956 ## - LOCAL ELECTRONIC LOCATION AND ACCESS (OCLC)
Host name LOPEREZ
Access number 10
Compression information 20171127
Processor of request 0041
Instruction BPMSU
Existencias
Withdrawn status Lost status Source of classification or shelving scheme Damaged status Not for loan Collection code Home library Current library Date acquired Source of acquisition Total Checkouts Barcode Date last seen Price effective from Koha item type
    Dewey Decimal Classification     Colección General Biblioteca Pública Metropolitana Salomé Ureña Biblioteca Pública Metropolitana Salomé Ureña 11/27/2017 FUNDI   BPMSU17110444 11/27/2017 11/27/2017 Libros